A hand book of islamic architecture (Record no. 352368)

000 -LEADER
fixed length control field 00712 a2200229 4500
003 - CONTROL NUMBER IDENTIFIER
control field OSt
005 - DATE AND TIME OF LATEST TRANSACTION
control field 20180116192333.0
008 - FIXED-LENGTH DATA ELEMENTS--GENERAL INFORMATION
fixed length control field 120516t xxu||||| |||| 00| 0 eng d
020 ## - INTERNATIONAL STANDARD BOOK NUMBER
International Standard Book Number 978817884692
040 ## - CATALOGING SOURCE
Transcribing agency 0
082 ## - DEWEY DECIMAL CLASSIFICATION NUMBER
Classification number 722.44
100 ## - MAIN ENTRY--PERSONAL NAME
Personal name Amir Ansari
9 (RLIN) 1516
245 12 - TITLE STATEMENT
Title A hand book of islamic architecture
Statement of responsibility, etc. Amir Ansari
260 ## - PUBLICATION, DISTRIBUTION, ETC.
Place of publication, distribution, etc. New Delhi:
Name of publisher, distributor, etc. Cyber Tech Publications,
Date of publication, distribution, etc. 2011
300 ## - PHYSICAL DESCRIPTION
Extent 254 p.
500 ## - GENERAL NOTE
General note Includes bibliographical references and index.
650 0# - SUBJECT ADDED ENTRY--TOPICAL TERM
Topical term or geographic name entry element Architecture, Mogul.
9 (RLIN) 1517
650 0# - SUBJECT ADDED ENTRY--TOPICAL TERM
Topical term or geographic name entry element Archiecture, Islamic
9 (RLIN) 1518
650 0# - SUBJECT ADDED ENTRY--TOPICAL TERM
Topical term or geographic name entry element Architecture
Chronological subdivision India
9 (RLIN) 1519
942 ## - ADDED ENTRY ELEMENTS (KOHA)
Institution code [OBSOLETE] SADA
Koha item type Book
Call number prefix 722.44 AMI 2011
Source of classification or shelving scheme
Holdings
Withdrawn status Lost status Source of classification or shelving scheme Damaged status Not for loan Permanent Location Current Location Date acquired Total Checkouts Total Renewals Full call number Barcode Date last seen Date last checked out Cost, replacement price Price effective from Koha item type
          School of Art Design and Architecture (SADA) School of Art Design and Architecture (SADA) 12/03/2010 4 4 722.44 AMI 2011 SADA0000447 12/03/2014 12/02/2014 1308.00 08/05/2011 Book
© 2023 Central Library, National University of Sciences and Technology. All Rights Reserved.